Straight talk from Claudia Black : what recovering parents should tell their kids about drugs and alcohol (Record no. 405427)

MARC details
000 -LEADER
fixed length control field 00353nam a2200097Ia 4500
082 ## - DEWEY DECIMAL CLASSIFICATION NUMBER
Classification number 362.29 BLAC
008 - FIXED-LENGTH DATA ELEMENTS--GENERAL INFORMATION
fixed length control field 210817s9999 xx 000 0 und d
100 ## - MAIN ENTRY--PERSONAL NAME
Personal name BLACK, Claudia Center City, Minn., 2003
9 (RLIN) 96481
245 #0 - TITLE STATEMENT
Title Straight talk from Claudia Black : what recovering parents should tell their kids about drugs and alcohol
942 ## - ADDED ENTRY ELEMENTS
item type Books

No items available.